<?xml version="1.0" encoding="UTF-8"?>
<collection xmlns="http://www.loc.gov/MARC21/slim">
 <record>
  <leader>00404nam a22001691a 4500</leader>
  <controlfield tag="001">000037493</controlfield>
  <controlfield tag="003">13788</controlfield>
  <controlfield tag="005">20160412020351.0</controlfield>
  <controlfield tag="008">160412s0                     000</controlfield>
  <datafield tag="082" ind1=" " ind2=" ">
   <subfield code="a">4A(07)743-44</subfield>
  </datafield>
  <datafield tag="245" ind1=" " ind2=" ">
   <subfield code="a">Power learning</subfield>
   <subfield code="c">Robert Felman</subfield>
  </datafield>
  <datafield tag="OWN" ind1=" " ind2=" ">
   <subfield code="a">LNN</subfield>
  </datafield>
  <datafield tag="999" ind1=" " ind2=" ">
   <subfield code="a">From the UDN01</subfield>
  </datafield>
  <datafield tag="TYP" ind1=" " ind2=" ">
   <subfield code="a">Monograph</subfield>
  </datafield>
  <datafield tag="980" ind1=" " ind2=" ">
   <subfield code="a">Mạng thư viện Đại học Đà Nẵng</subfield>
  </datafield>
 </record>
</collection>
